000 00830nam a2200253 u 4500
001 67426
005 20200810150347.0
008 170529s2013 xxu r 000 0 eng d
020 _a9780199671496
040 _erda
041 0 _aeng
082 0 _a174.2
_bBUC
100 1 _aBuchanan, Allen E.,
_d1948
_eautor
_94610
245 1 0 _aBeyond humanity? :
_bthe ethics of biomedical enhancement /
_cAllen Buchanan.
250 _aFirst edition
264 1 _aUnited States of America :
_bOxford University Press,
_c2013
300 _axii, 286 páginas ;
_c22 cm.
336 _atexto
_2rdacontent
_btxt
337 _asin medio
_2rdamedia
_bn
338 _avolumen
_2rdacarrier
_bnc
650 4 _aInnovaciones médicas
_xAspectos morales y éticos
650 4 _aMejora biomédica
_xÉtica
999 _c67426
_d67426
942 _h174.2
_iBUC
_cLI